000 00826cab a2200265 4500
001 ABS47423
008 090401t1992 xxu||||| |||| 00| 0 eng d
035 _a(Sirsi) u61883
041 _aeng
245 _a84 South Audley Street
260 _c1992
350 _a0
490 _aCSW - The Property Week
_v41(5) 29 October 1992, 28-20(3)
520 _aRoad Test of 84 South Audley Street in Mayfair assesses factors such as public transport, exterior and interior design, space planning and energy efficiency.
650 _aDESIGN
650 _aENERGY EFFICIENCY
650 _aMAYFIAR
650 _aOFFICE BUILDINGS
650 _aPUBLIC TRANSPORT
650 _aROAD TEST
650 _aSPACE PLANNING
690 _aPROPERTY-COMMERCIAL PROPERTY-COMMERCIAL PROPERTY MARKET
942 _n0
948 _c04/03/1997
999 _c38386
_d38386